[Event "Minsk rapid op1"]
[Site "Minsk"]
[Date "2018.06.25"]
[Round "8"]
[White "Shaydullina, Sandugach"]
[Black "Irgaliyev, Alikhan"]
[Result "1-0"]
[WhiteElo "2151"]
[BlackElo "2442"]
[PlyCount "109"]
[EventDate "2018.06.25"]
[EventType "swiss (rapid)"]
[EventRounds "9"]
[EventCountry "BLR"]
[SourceTitle "EXT 2021"]
[Source "ChessBase"]
[SourceDate "2020.10.23"]
[SourceVersion "1"]
[SourceVersionDate "2020.10.23"]
[SourceQuality "1"]

1. d4 f5 2. c4 Nf6 3. Nc3 g6 4. h4 Bg7 5. h5 gxh5 6. Bg5 0-0 7. Qd2 c5 8. d5 Qb6 9. f3 e6 10. e4 fxe4 11. fxe4 exd5 12. cxd5 d6 13. 0-0-0 Nbd7 14. Nf3 Re8 15. Bd3 Ne5 16. Nxe5 Rxe5 17. Bf4 Re8 18. Rde1 Bg4 19. Nb5 Rad8 20. a4 c4 21. Bb1 a6 22. Be3 Qxe3 23. Qxe3 axb5 24. axb5 Nxd5 25. Qd2 Ne7 26. Ba2 Ng6 27. Bxc4+ Kh8 28. Bd5 Ne5 29. Kb1 b6 30. Rc1 Re7 31. Rc2 Nd7 32. Rc7 Re5 33. Rf1 Nf6 34. Bc6 Kg8 35. Qf2 Rf8 36. Qxb6 Kh8 37. Qb7 Be2 38. Rf2 Bd3+ 39. Kc1 Rg8 40. Rxf6 Rc5+ 41. Kd1 Bc2+ 42. Kd2 Bb3 43. Rxg7 Rxg7 44. Qb8+ Rg8 45. Rf8 Rc2+ 46. Kd3 Rcxg2 47. Rxg8+ Bxg8 48. Qxd6 Kg7 49. Qe5+ Kh6 50. Qf6+ Rg6 51. Qf4+ Kg7 52. Be8 Rg1 53. e5 Rd1+ 54. Ke2 Rb1 55. Qf6# 1-0

[Event "Voronezh op-A 22nd"]
[Site "Voronezh"]
[Date "2018.06.16"]
[Round "5"]
[White "Shaydullina, Sandugach"]
[Black "Yakimenko, Alexander A"]
[Result "1-0"]
[WhiteElo "2198"]
[BlackElo "2094"]
[PlyCount "77"]
[EventDate "2018.06.12"]
[EventType "swiss"]
[EventRounds "9"]
[EventCountry "RUS"]
[SourceTitle "CBM 185 Extra"]
[Source "ChessBase"]
[SourceDate "2018.07.29"]
[SourceVersion "1"]
[SourceVersionDate "2018.07.29"]
[SourceQuality "1"]

1. d4 e6 2. c4 Nf6 3. Nf3 c5 4. d5 exd5 5. cxd5 d6 6. Nc3 g6 7. e4 Bg7 8. h3 0-0 9. Bd3 Re8 10. 0-0 a6 11. a4 Qc7 12. Bf4 c4 13. Bc2 Nbd7 14. Re1 Nh5 15. Be3 b6 16. Nd4 Bb7 17. Rc1 Nc5 18. Qe2 Nd7 19. Bb1 Rac8 20. Qf1 Qd8 21. Na2 Nc5 22. Rxc4 Nxe4 23. Bxe4 Rxe4 24. Nc3 Re8 25. Nc6 Qd7 26. Bxb6 Bxc6 27. Rxe8+ Qxe8 28. dxc6 Rxc6 29. Re4 Qb8 30. a5 Nf6 31. Re7 Rxb6 32. axb6 Qxb6 33. Qc4 d5 34. Nxd5 Nxd5 35. Qxd5 Qf6 36. Re8+ Bf8 37. Qd8 Qxd8 38. Rxd8 Kg7 39. Ra8 1-0